| 000 | 00843cam a22002771 4500 | ||
|---|---|---|---|
| 001 | 35339 | ||
| 003 | BD-RjUL | ||
| 005 | 20211209052313.0 | ||
| 008 | 140522s1955 nyua 001 0 eng | ||
| 035 | _a(BD-RjUL)35433 | ||
| 035 | _a(OCoLC)166345 | ||
| 040 |
_aDLC _cODaWU _dBD-RjUL _beng |
||
| 041 | _aeng | ||
| 082 |
_a519 _bDOP 1955 |
||
| 100 | 1 |
_aDornbusch, Sanford M. _9107642 |
|
| 245 | 1 | 2 |
_aA primer of social statistics / _cSanford M. Dornbusch and Calvin F. Schmid. |
| 260 |
_aNew York : _bMcGraw-Hill, _cc1955. |
||
| 300 |
_avii, 251 p. : _bill. ; _c24 cm. |
||
| 490 | 0 | _aMcGraw-Hill series in sociology and anthropology | |
| 504 | _aIncludes index. | ||
| 650 | 0 |
_aStatistics. _9107643 |
|
| 700 | 1 |
_aSchmid, Calvin Fisher, _d1901- _ejoint author. _9107644 |
|
| 942 |
_2ddc _cBK _01 |
||
| 999 |
_c35339 _d35339 |
||